La sociedad feudal : las clases y el gobierno de los hombres
Uloženo v:
| Hlavní autor: | |
|---|---|
| Médium: | Kniha |
| Jazyk: | španělština |
| Vydáno: |
México, D.F.
UTEHA.
c1955.
|
| Témata: | |
| Tagy: |
Přidat tag
Žádné tagy, Buďte první, kdo vytvoří štítek k tomuto záznamu!
|
MARC
| LEADER | 00000nam a22000005a 4500 | ||
|---|---|---|---|
| 001 | 19661 | ||
| 003 | CL-ChBUA | ||
| 005 | 20120815103729.0 | ||
| 008 | 070301s1955 mx 000 0dspa | ||
| 040 | |a CL-ChBUA |c CL-ChBUA | ||
| 082 | 0 | 0 | |a 940.14 |
| 090 | |c 19661 |d 19661 | ||
| 100 | 1 | |a Bloch, Marc. | |
| 245 | 1 | 0 | |a La sociedad feudal : |b las clases y el gobierno de los hombres |
| 260 | |b UTEHA. |a México, D.F. |c c1955. | ||
| 300 | |a v.53, xiii, 220 p. |c 22 cm. | ||
| 504 | |a Bibl., índice. | ||
| 650 | 4 | |a FEUDALISMO. | |
| 650 | 4 | |a HISTORIA MEDIEVAL. | |
| 942 | |c LIB | ||
| 952 | |0 0 |1 0 |4 0 |7 0 |9 26884 |a UNACH |b UNACH |c 900 |d 2007-03-05 |i 6.127. |l 7 |m 3 |o 940.14 / B 651. |p 27883 |r 2019-11-26 00:00:00 |s 2019-10-24 |u 26884 |w 2012-08-08 |y LIB |k 940.14 / B 651. | ||
| 999 | |c 19661 |d 19661 | ||